[Event "Barcelona op-B"]
[Site "Barcelona"]
[Date "1998.??.??"]
[Round "8"]
[White "Trias Fernandez, Ramon"]
[Black "Ravenet Catalan, J."]
[Result "0-1"]
[WhiteElo "2040"]
[BlackElo "2005"]
[PlyCount "134"]
[EventDate "1998.??.??"]
[EventType "swiss"]
[EventRounds "8"]
[EventCountry "ESP"]
[SourceTitle "EXT 2019"]
[Source "ChessBase"]
[SourceDate "2018.10.10"]
[SourceVersion "1"]
[SourceVersionDate "2018.10.10"]
[SourceQuality "1"]

1. e4 c5 2. Nf3 d6 3. d4 cxd4 4. Nxd4 Nc6 5. Nc3 Nf6 6. Be2 g6 7. 0-0 Bg7 8. Be3 0-0 9. Qd2 Bd7 10. f4 a6 11. Nxc6 Bxc6 12. Bf3 Qc7 13. Rae1 Rac8 14. g4 Nd7 15. Nd1 Nc5 16. Bd4 Bxd4+ 17. Qxd4 Ne6 18. Qd2 Bb5 19. Rf2 Qc5 20. c3 Qb6 21. f5 Nc5 22. Qe3 Qc7 23. Rd2 Nd7 24. b3 Ne5 25. Be2 Bxe2 26. Qxe2 g5 27. c4 f6 28. Kg2 Kf7 29. Nc3 Qc5 30. Nd5 b5 31. cxb5 Qxb5 32. h3 Rc6 33. Rc2 Rfc8 34. Qxb5 axb5 35. Rxc6 Rxc6 36. Re2 Rc5 37. Rd2 Nd7 38. Kg3 Rc1 39. Re2 Nc5 40. Kg2 Nd3 41. Rd2 Nc5 42. Re2 Nd3 43. Kh2 Nc5 44. Nc7 Nxb3 45. Nxb5 Nc5 46. Kg3 Rc4 47. Kf3 Nd3 48. Kg3 Nc1 49. Rd2 Rxe4 50. Rxd6 Re3+ 51. Kf2 Re2+ 52. Kf3 exd6 53. Nxd6+ Ke7 54. Nb5 Rxa2 55. Nd4 Ra3+ 56. Kg2 Nd3 57. Kh2 Nf4 58. h4 Rh3+ 59. Kg1 Rxh4 60. Nf3 Rxg4+ 61. Kh2 Rg2+ 62. Kh1 Ra2 63. Nd4 h5 64. Kg1 h4 65. Kh1 g4 66. Kg1 g3 67. Nf3 Ra1+ 0-1